Labor relations development, structure, process

Guardat en:
Dades bibliogràfiques
Autor principal: FOSSUM, John A.
Format: Llibre
Idioma:anglès
Publicat: McGraw-Hill Education 2015
Etiquetes: Afegir etiqueta
Sense etiquetes, Sigues el primer a etiquetar aquest registre!

MARC

LEADER 00000nam a22000007a 4500
008 210414b ||||| |||| 00| 0 eng d
020 |a  978-1-259-25570-0 
100 |a FOSSUM, John A. 
245 |a Labor relations  |b development, structure, process  |c John A. Fossum.  |g  xix, 650p.; ill 
250 |b 12th ed. 
260 |b  McGraw-Hill Education  |c 2015  |h  New York  |i 690899,  |i  690900   |l HD6960 .F78  |m Industrial relations  |m Labour – Relations 
500 |a “It includes index” 
942 |a lcc  |c BK  |e ADEKANYE, I. H.  |f 14/04/2021 
952 |0 0  |1 0  |2 lcc  |4 0  |6 HD6960 F78  |7 0  |9 2130  |a HOL  |b HOL  |c GJ  |d 2021-04-14  |l 0  |o HD6960 .F78  |p 2021-5984  |r 2021-04-14 00:00:00  |w 2021-04-14  |y BK 
952 |0 0  |1 0  |2 lcc  |4 0  |6 HD6960 F78  |7 0  |9 2131  |a HOL  |b SSL  |c GJ  |d 2021-04-14  |l 0  |o HD6960 .F78  |p 2021-5985  |r 2021-04-14 00:00:00  |w 2021-04-14  |y BK 
999 |c 1107  |d 1107